000 00529nam a2200193 a 4500
001 1775557145441
003 YourLibrary
005 20260407155043.0
008 260407s1998##################000#0#eng##
020 _a9780333733608
082 0 4 _a355.033043
_bCOT
100 1 _aCottey, Andrew,
_eauthor.
245 1 0 _aSubregional Cooperation in the New Europe :
260 _bPalgrave Macmillan,
_c1998.
300 _a285 pages
650 0 _aBusiness & Economics.
942 _cENGLISH
040 _aYourLibrary
_beng
_cYourLibrary
999 _c618970
_d618970